Tisseo Linéo 8 ( Toulouse ) - Statistiques

Statistiques générales
  • Ce quiz a été pris 10 fois
  • Le résultat moyen est 14 sur 23
Statistiques - réponses
Commune Correspondances Arret % Correct
Toulouse 23 Gonin
100%
Toulouse B, L1, L9 François Verdier
80%
Toulouse A, B, Aéro, Cim, CV, L1, L9, L14, 15, 23 Jean Jaurès
80%
Toulouse A, Cim, L9, L14 Marengo - SNCF
80%
Toulouse L1, L9 Saint Georges
80%
Toulouse 23 Armentières
60%
Toulouse L9, L14, 15, 23 Bachelier
60%
Toulouse 51 Barrau
60%
Toulouse Beau Soleil
60%
Toulouse Belle Paule
60%
Toulouse 51 Gers - Lartet
60%
Toulouse 51 Glaïeuls
60%
Toulouse Lanfant
60%
Toulouse 51 Langevin
60%
Toulouse Parc de Montaudran
60%
Toulouse Perissé
60%
Toulouse L1 Place Dupuy
60%
Toulouse L9, L14, 15, 23, 27 Riquet
60%
Toulouse Sicard - Alaman
60%
Toulouse 51 Aude
40%
Toulouse Capdenier
40%
Toulouse 51 Corraze
40%
Toulouse Lécrivain
40%
Aucun quiz correspondant
Distribution des résultats
% des personnes avec chaque résultat
Percentile par nombre de réponses
Votre historique - résultats
Vous n’avez pas pris ce quiz